000 01041nam a22003137a 4500
001 5331
003 FISKH
005 20241126152646.0
008 241126b cb ||||| |||| 00| 0 eng d
020 _a9780545437479
040 _aFISKH
_beng
_cFISKH
_dFISKH
050 _aDS135.N6
082 _a940.53
100 _aColbert, David
245 _aAnne Frank :
_b10 days /
_cby David Colbert Athor of eyewitness to America
250 _aFirst Scholastic printing , January 2012
260 _aNew York :
_bScholastic ;
_c2008 .
300 _a152 pages :
_billustrations ;
_c21 cm .
490 _a10 days
505 _aZ
520 _aFocuses on ten crucial days in the life of Anne Frank and her family, primarily in Amsterdam during their time in hiding, during the Holocaust and World War II.
521 8 _a980
_bLexile
521 8 _aZ
_bRaz-Plus
650 _aHolocaust
_vNon-fiction
650 _abiography
_vNon-fiction
700 _aPaprocki, Karin
_ecover designer
942 _2ddc
_cBK
_n0
999 _c5331
_d5331